Crise de la solidarité, crise de sens (notice n° 1583239)

détails MARC
000 -LEADER
fixed length control field 01425cam a2200193 4500500
005 - DATE AND TIME OF LATEST TRANSACTION
control field 20251228052300.0
041 ## - LANGUAGE CODE
Language code of text/sound track or separate title fre
042 ## - AUTHENTICATION CODE
Authentication code dc
100 10 - MAIN ENTRY--PERSONAL NAME
Personal name Baujard, Monique
Relator term author
245 00 - TITLE STATEMENT
Title Crise de la solidarité, crise de sens
260 ## - PUBLICATION, DISTRIBUTION, ETC.
Date of publication, distribution, etc. 2011.<br/>
500 ## - GENERAL NOTE
General note 93
520 ## - SUMMARY, ETC.
Summary, etc. RésuméL’auteure se sert de sa double appartenance néerlandaise et française pour illustrer la mosaïque culturelle qui caractérise l’Europe et qui devrait servir de toile de fond à toute réflexion la concernant. Ces différences culturelles, constitutives de l’identité de chaque pays, colorent la façon dont chaque pays réagit à la crise et dont il conçoit la solidarité. Et c’est à partir de l’expérience aux Pays-Bas que l’auteure montre que la crise de l’euro n’est pas une crise conjoncturelle mais la manifestation d’une crise plus fondamentale : une crise de sens. Le projet commun sur lequel se construit chaque nation ainsi que l’Europe semble en panne et appelle une refondation. Et pour refonder, les vertus cardinales de l’Église catholique pourraient être mises à profit : la justice, la prudence, la tempérance et le courage.
690 ## - LOCAL SUBJECT ADDED ENTRY--TOPICAL TERM (OCLC, RLIN)
Topical term or geographic name as entry element crise
690 ## - LOCAL SUBJECT ADDED ENTRY--TOPICAL TERM (OCLC, RLIN)
Topical term or geographic name as entry element Europe
690 ## - LOCAL SUBJECT ADDED ENTRY--TOPICAL TERM (OCLC, RLIN)
Topical term or geographic name as entry element Pays-Bas
786 0# - DATA SOURCE ENTRY
Note Transversalités | 118 | 2 | 2011-06-01 | p. 67-74 | 1286-9449
856 41 - ELECTRONIC LOCATION AND ACCESS
Uniform Resource Identifier <a href="https://shs.cairn.info/revue-transversalites-2011-2-page-67?lang=fr&redirect-ssocas=7080">https://shs.cairn.info/revue-transversalites-2011-2-page-67?lang=fr&redirect-ssocas=7080</a>

Pas d'exemplaire disponible.

PLUDOC

PLUDOC est la plateforme unique et centralisée de gestion des bibliothèques physiques et numériques de Guinée administré par le CEDUST. Elle est la plus grande base de données de ressources documentaires pour les Étudiants, Enseignants chercheurs et Chercheurs de Guinée.

Adresse

627 919 101/664 919 101

25 boulevard du commerce
Kaloum, Conakry, Guinée

Réseaux sociaux

Powered by Netsen Group @ 2025